[Event "ICS rated blitz match"]
[Site "204.178.125.65"]
[Date "2000.03.19"]
[Round "?"]
[White "undertaker1"]
[Black "Hossa"]
[Result "1-0"]
[WhiteElo "2706"]
[BlackElo "2449"]
[PlyCount "117"]

1. e4 e5 2. Nf3 Nc6 3. Bb5 a6 4. Ba4 Nf6 5. O-O Be7 6. Re1 b5 7. Bb3 O-O 8. c3
d5 9. exd5 Nxd5 10. Nxe5 Nxe5 11. Rxe5 c6 12. d4 Bd6 13. Re1 Qh4 14. g3 Qh3 15.
Be3 Bg4 16. Qd3 Rae8 17. Nd2 Re6 18. a4 Qh5 19. axb5 axb5 20. Qf1 Rfe8 21. Bxd5
Qxd5 22. Qg2 Qh5 23. f3 Bh3 24. Qf2 Be7 25. Bf4 c5 26. g4 Qd5 27. Rxe6 Qxe6 28.
dxc5 h5 29. gxh5 Qf5 30. Bd6 Qg5+ 31. Kh1 Bf8 32. Ne4 Qxh5 33. Qg3 Re6 34. Ra8
Kh7 35. Bxf8 Rg6 36. Qf2 Bg2+ 37. Qxg2 Rxg2 38. Kxg2 f5 39. Ng3 Qf7 40. Kf2 f4
41. Ne2 Qf6 42. Ke1 Qf5 43. c6 Qd5 44. Ra7 Qxf3 45. Rxg7+ Kh8 46. c7 Qh1+ 47.
Rg1 Qa8 48. Bd6 f3 49. Nd4 Kh7 50. Kf2 Qe8 51. Be5 Qc8 52. Rg5 Kh6 53. h4 Kh7
54. Nf5 Qxc7 55. Bxc7 b4 56. Be5 bxc3 57. Rg7+ Kh8 58. Rf7+ Kg8 59. Nh6# 1-0

[Event "ICS rated blitz match"]
[Site "204.178.125.65"]
[Date "2000.03.19"]
[Round "?"]
[White "Hossa"]
[Black "undertaker1"]
[Result "0-1"]
[WhiteElo "2443"]
[BlackElo "2712"]
[PlyCount "102"]

1. e4 e5 2. Nf3 Nc6 3. Bc4 Bc5 4. c3 Nf6 5. d4 exd4 6. cxd4 Bb4+ 7. Nc3 Nxe4 8.
O-O Bxc3 9. d5 Bf6 10. Re1 Ne7 11. Rxe4 d6 12. Bg5 Bxg5 13. Nxg5 h6 14. Qe2
hxg5 15. Re1 Be6 16. dxe6 f6 17. Re3 c6 18. Rh3 Rxh3 19. gxh3 g6 20. Rd1 Qc7
21. Qf3 Nf5 22. Bd3 O-O-O 23. Bxf5 gxf5 24. Qxf5 Qe7 25. Re1 d5 26. f4 gxf4 27.
Qxf4 d4 28. Qg4 Kb8 29. Kg2 c5 30. h4 Ka8 31. Re2 Rc8 32. Kh3 Rh8 33. b4 f5 34.
Qf4 d3 35. Rd2 Qxe6 36. bxc5 Qe4 37. Qxe4 fxe4 38. Rd1 Rd8 39. c6 bxc6 40. Kg2
e3 41. Rh1 Re8 42. Kf1 Rf8+ 43. Ke1 Rb8 44. Kf1 Rb1+ 45. Kg2 Rxh1 46. Kf3 e2
47. Kf4 Rf1+ 48. Kg4 e1=Q 49. Kh5 Rg1 50. a4 Qe8+ 51. Kh6 Qg6# 0-1

[Event "ICS Rated standard match"]
[Site "204.178.125.65"]
[Date "2000.03.19"]
[Round "?"]
[White "Hossa"]
[Black "QueenMaxima"]
[Result "1-0"]
[WhiteElo "2323"]
[BlackElo "2321"]
[PlyCount "83"]

1. e4 e5 2. Nf3 Nc6 3. Bb5 f5 4. Nc3 fxe4 5. Nxe4 d5 6. Nxe5 dxe4 7. Nxc6 Qd5
8. c4 Qd6 9. Nxa7+ c6 10. Nxc8 Rxc8 11. Ba4 Nf6 12. O-O Be7 13. Re1 Qc5 14. d3
Rd8 15. Be3 Qb4 16. a3 Qxb2 17. Rb1 Qe5 18. Rxb7 Rxd3 19. Bxc6+ Kf8 20. Qb1 Bd6
21. g3 Rg8 22. Bf4 Qc3 23. Bxe4 g5 24. Bxd3 gxf4 25. Bxh7 Rg5 26. Qd1 Qxa3 27.
Qd4 Re5 28. Ra1 Qxa1+ 29. Qxa1 fxg3 30. hxg3 Re6 31. Bf5 Re5 32. Rb5 Rxf5 33.
Rxf5 Be7 34. c5 Kg7 35. c6 Kh6 36. Rxf6+ Kg7 37. Re6+ Kf7 38. c7 Bc5 39. Qf6+
Kg8 40. c8=Q+ Bf8 41. Qfxf8+ Kh7 42. Qg8# 1-0

[Event "ICS rated standard match"]
[Site "204.178.125.65"]
[Date "2000.03.19"]
[Round "?"]
[White "nuts"]
[Black "Hossa"]
[Result "1-0"]
[WhiteElo "2293"]
[BlackElo "2339"]
[PlyCount "109"]

1. d4 Nf6 2. e3 g6 3. Nf3 Bg7 4. b3 Nc6 5. c4 d6 6. Nc3 Bf5 7. Bd3 Bxd3 8. Qxd3
e5 9. O-O O-O 10. Rd1 Qe7 11. Qc2 e4 12. Nd2 Nb4 13. Qb1 Rfe8 14. a3 Na6 15. b4
Nb8 16. Bb2 Nbd7 17. d5 Nb6 18. Ne2 Ng4 19. h3 Bxb2 20. Qxb2 Ne5 21. Qc2 f5 22.
Nf4 Rec8 23. Rac1 c6 24. dxc6 Rxc6 25. Qb3 Qf7 26. c5 dxc5 27. Rxc5 Rd6 28. Qc2
Nbd7 29. Rc7 Rc6 30. Rxc6 bxc6 31. Nb3 g5 32. Ne2 Nb6 33. Nbd4 Nbc4 34. Ng3
Nxa3 35. Qc3 Nac4 36. Ndxf5 Qe6 37. Rd4 Re8 38. Rxe4 c5 39. bxc5 Qd5 40. Qd4
Qa8 41. f4 Rd8 42. Qa1 gxf4 43. exf4 Rd2 44. fxe5 Nb2 45. Rg4+ Kf8 46. Nf1 Qd5
47. Qxa7 Qd7 48. Qa8+ Qd8 49. Qc6 Qe7 50. Nxe7 Rf2 51. Kxf2 Nd3+ 52. Kg3 Kxe7
53. Rg7+ Kf8 54. Qf6+ Ke8 55. Qe7# 1-0

[Event "ICS rated standard match"]
[Site "204.178.125.65"]
[Date "2000.03.19"]
[Round "?"]
[White "Hossa"]
[Black "star"]
[Result "0-1"]
[WhiteElo "2321"]
[BlackElo "2520"]
[PlyCount "146"]

1. e4 d5 2. exd5 Qxd5 3. Nc3 Qa5 4. d4 Nf6 5. Nf3 c6 6. Bc4 Bg4 7. h3 Bxf3 8.
Qxf3 Nbd7 9. Bd2 Qb4 10. Qd3 e5 11. O-O O-O-O 12. Nb5 Qe7 13. Nxa7+ Kb8 14.
Nxc6+ bxc6 15. Qb3+ Ka7 16. Qa4+ Kb7 17. Ba6+ Kc7 18. dxe5 Nd5 19. Qa5+ N7b6
20. c4 Nb4 21. Be3 c5 22. e6 fxe6 23. Bf4+ e5 24. Rae1 Nc6 25. Rxe5 Nxe5 26.
Re1 Re8 27. Rxe5 Qxe5 28. Bxe5+ Rxe5 29. Bb5 Re6 30. Qa7+ Kd8 31. Kf1 h5 32. a4
Rd6 33. b4 Nd7 34. Bxd7 Rd1+ 35. Ke2 Rxd7 36. Qa8+ Ke7 37. bxc5 Rh6 38. Qf3
Re6+ 39. Kf1 g6 40. g4 hxg4 41. hxg4 Rc7 42. a5 Rcc6 43. Qb3 Kd8 44. Qb8+ Rc8
45. Qb7 Bxc5 46. Qd5+ Rd6 47. Qg8+ Kc7 48. Qg7+ Kb8 49. Qe5 Ka7 50. Qg7+ Ka6
51. Qb2 Bd4 52. Qb5+ Ka7 53. f3 Rb8 54. Qg5 Re8 55. Qd2 Bc5 56. Qc2 Re3 57. Kg2
Rdd3 58. Qf2 Bd4 59. f4 Rc3 60. g5 Red3 61. Qa2 Rg3+ 62. Kh1 Rg4 63. Qg2 Rh4+
64. Qh2 Rc1+ 65. Kg2 Rc2+ 66. Kf3 Rhxh2 67. Ke4 Bc3 68. a6 Rhe2+ 69. Kf3 Bd4
70. f5 gxf5 71. Kf4 Rf2+ 72. Kg3 Be5+ 73. Kh4 Rh2# 0-1

[Event "ICS rated standard match"]
[Site "204.178.125.65"]
[Date "2000.03.19"]
[Round "?"]
[White "expert101"]
[Black "Hossa"]
[Result "0-1"]
[WhiteElo "2109"]
[BlackElo "2313"]
[PlyCount "70"]

1. e4 e5 2. Nf3 Nc6 3. Bb5 Nf6 4. O-O Bc5 5. c3 O-O 6. d4 Bb6 7. Bg5 exd4 8.
cxd4 h6 9. Bxf6 Qxf6 10. e5 Qf4 11. d5 Nxe5 12. Nxe5 Qxe5 13. Nc3 c6 14. Bc4
Bd4 15. Re1 Bxf2+ 16. Kxf2 Qf4+ 17. Kg1 Qxc4 18. d6 Qc5+ 19. Kh1 b5 20. Re7 Qf2
21. Qb3 a5 22. Ne4 Qd4 23. Rd1 a4 24. Qc2 Qc4 25. Qf2 Qxa2 26. h3 a3 27. Nf6+
gxf6 28. Qg3+ Kh7 29. Qd3+ Kh8 30. b3 Qf2 31. Rf1 Qh4 32. Kh2 a2 33. g3 Qg5 34.
Qd4 a1=Q 35. Rxa1 c5 0-1

[Event "ICS rated standard match"]
[Site "204.178.125.65"]
[Date "2000.03.19"]
[Round "?"]
[White "Hossa"]
[Black "sitecap"]
[Result "1-0"]
[WhiteElo "2321"]
[BlackElo "2066"]
[PlyCount "61"]

1. e4 c5 2. Nf3 e6 3. d4 cxd4 4. Nxd4 a6 5. Nc3 Nf6 6. e5 Ng8 7. Be2 Qc7 8. O-O
Qxe5 9. Re1 Nc6 10. Nxc6 dxc6 11. Bxa6 Qd6 12. Bd3 Nf6 13. Ne4 Nxe4 14. Rxe4
Be7 15. Bf4 Qc5 16. Be3 Qa5 17. b3 Bf6 18. Ra4 Bxa1 19. Rxa5 Rxa5 20. Qxa1 O-O
21. Bb6 Rd5 22. Qe1 Re8 23. Qb1 h6 24. a4 Re7 25. c4 Rdd7 26. b4 Re8 27. h4
Rde7 28. Bh7+ Kh8 29. Be4 Rd7 30. a5 f5 31. a6 1-0

[Event "ICS Rated blitz match"]
[Site "204.178.125.65"]
[Date "2000.03.19"]
[Round "?"]
[White "Hossa"]
[Black "warps"]
[Result "0-1"]
[WhiteElo "2441"]
[BlackElo "2733"]
[PlyCount "106"]

1. d4 e6 2. c4 Nf6 3. Nc3 d5 4. Bg5 dxc4 5. e4 h6 6. Bxf6 Qxf6 7. Bxc4 Bb4 8.
Nge2 O-O 9. a3 Be7 10. O-O a6 11. e5 Qh4 12. g3 Qg5 13. Nf4 Bd8 14. Bd3 Nc6 15.
Be4 Bd7 16. Qd3 Re8 17. Rad1 a5 18. Rfe1 Qg4 19. Rc1 Qg5 20. Na4 Be7 21. Bh7+
Kh8 22. h4 Qg4 23. Nc5 Bxc5 24. dxc5 Rad8 25. Rc4 Bc8 26. Qb1 Nd4 27. Be4 g5
28. hxg5 hxg5 29. Nd3 Nf3+ 30. Bxf3 Qxc4 31. Be4 Kg7 32. b3 Qd4 33. Qc1 f6 34.
c6 b6 35. exf6+ Qxf6 36. f4 gxf4 37. Qxf4 Qxf4 38. gxf4 Ba6 39. Ne5 Rf8 40. Ng6
Rf6 41. Kh2 Rd4 42. Ne5 Rxf4 43. Rg1+ Kf6 44. Nd7+ Ke7 45. Bg2 Rd3 46. Rb1 Kd6
47. Kg1 Rd2 48. Nb8 Bd3 49. Rc1 Rg4 50. Kh1 Rgxg2 51. Rc2 Rxc2 52. Nd7 Rh2+ 53.
Kg1 Rcg2# 0-1

[Event "ICS rated blitz match"]
[Site "204.178.125.65"]
[Date "2000.03.19"]
[Round "?"]
[White "Hossa"]
[Black "MagusX"]
[Result "0-1"]
[WhiteElo "2436"]
[BlackElo "2775"]
[PlyCount "108"]

1. e4 e5 2. Nf3 Nc6 3. Bb5 a6 4. Ba4 Nf6 5. O-O Nxe4 6. d4 exd4 7. Nxd4 Qf6 8.
Nxc6 dxc6 9. Qd5 Bf5 10. Re1 Qe6 11. Qxe6+ fxe6 12. g4 Bg6 13. Nc3 Nc5 14. Bb3
h5 15. Bxe6 Nxe6 16. Rxe6+ Kf7 17. Re2 hxg4 18. Bf4 Re8 19. Rxe8 Kxe8 20. Rd1
Bxc2 21. Rd2 Bf5 22. Bxc7 Be7 23. Rd1 Kf7 24. Bb6 Bf6 25. Re1 Kg6 26. Re3 Bg5
27. Rg3 Bf4 28. Rg2 Kf7 29. Bd4 Re8 30. Kh1 Bd2 31. h3 Re1+ 32. Rg1 Rxg1+ 33.
Kxg1 gxh3 34. Be3 Bxe3 35. fxe3 g5 36. Kh2 g4 37. Na4 a5 38. Nc5 b6 39. Na4 b5
40. Nc5 Kf6 41. e4 Be6 42. b3 Ke5 43. Kg1 g3 44. Nxe6 Kxe6 45. Kh1 Ke5 46. Kg1
Kf4 47. Kf1 Kf3 48. Ke1 Ke3 49. Kd1 Kd3 50. Kc1 g2 51. Kb2 g1=Q 52. e5 Qf2+ 53.
Ka3 b4+ 54. Ka4 Qxa2# 0-1

[Event "ICS rated blitz match"]
[Site "204.178.125.65"]
[Date "2000.03.19"]
[Round "?"]
[White "MagusX"]
[Black "Hossa"]
[Result "1-0"]
[WhiteElo "2779"]
[BlackElo "2432"]
[PlyCount "121"]

1. e4 e5 2. Nf3 Nc6 3. d4 exd4 4. Nxd4 Bc5 5. Be3 Qf6 6. c3 Nge7 7. Bc4 Ne5 8.
Be2 Qg6 9. O-O d6 10. f4 Qxe4 11. Bf2 Bxd4 12. cxd4 Nd7 13. Qd2 O-O 14. Bd3 Qe6
15. Re1 Qf6 16. Nc3 Kh8 17. Ne4 Qh6 18. Ng5 Ng6 19. Qc1 Qh5 20. f5 Nh4 21. Be2
Qh6 22. Qf4 Nxg2 23. Kxg2 Nb6 24. Bg4 Qf6 25. Ne4 Nd5 26. Qf3 Qd8 27. Nc3 Nxc3
28. bxc3 g6 29. Kh1 c6 30. Qh3 Bxf5 31. Bxf5 gxf5 32. Bh4 f6 33. Qxf5 c5 34.
Re8 Qxe8 35. Bxf6+ Rxf6 36. Qxf6+ Kg8 37. Rg1+ Qg6 38. Rxg6+ hxg6 39. Qxg6+ Kh8
40. Qxd6 Re8 41. Qh6+ Kg8 42. Qg5+ Kf7 43. Qh5+ Ke7 44. Qxc5+ Kf6 45. Qxa7 Re1+
46. Kg2 Re7 47. Qb6+ Kg7 48. c4 Re2+ 49. Kf3 Re7 50. d5 Kf7 51. Qd8 b5 52. d6
Re8 53. Qd7+ Kf8 54. cxb5 Re5 55. Qc8+ Kf7 56. d7 Rd5 57. Qc4 Kf6 58. Qxd5 Kg7
59. d8=Q Kg6 60. Qf8 Kh7 61. Qdf5# 1-0

[Event "ICS rated blitz match"]
[Site "204.178.125.65"]
[Date "2000.03.19"]
[Round "?"]
[White "warps"]
[Black "Hossa"]
[Result "1-0"]
[WhiteElo "2718"]
[BlackElo "2428"]
[PlyCount "95"]

1. e4 c5 2. Nf3 e6 3. d4 cxd4 4. Nxd4 Nf6 5. Nc3 d6 6. Be2 Be7 7. O-O O-O 8. f4
a6 9. Kh1 Qc7 10. a4 Nc6 11. Be3 Rd8 12. Kg1 d5 13. e5 Ne4 14. Nxc6 bxc6 15.
Nxe4 dxe4 16. Qe1 f5 17. exf6 Bxf6 18. c3 Qb7 19. b4 a5 20. b5 cxb5 21. axb5
Qc7 22. Ra3 Be7 23. Ra4 Bb7 24. c4 Bb4 25. Qf2 Qf7 26. c5 Bd5 27. c6 Re8 28.
Rc1 Rf8 29. b6 Rac8 30. Bb5 Bb3 31. Raa1 Qh5 32. Ba6 Ra8 33. c7 Bd6 34. b7 Rxa6
35. c8=Q Bb8 36. Bc5 Rd6 37. Qd4 Qd5 38. Qxd5 Bxd5 39. Rxa5 Rdd8 40. Bxf8 Rxf8
41. Rxd5 Ba7+ 42. Kh1 exd5 43. Qe6+ Kh8 44. Rc8 Bc5 45. Rxf8+ Bxf8 46. b8=Q h5
47. Qxf8+ Kh7 48. Qfg8# 1-0

[Event "ICS rated blitz match"]
[Site "204.178.125.65"]
[Date "2000.03.19"]
[Round "?"]
[White "Hossa"]
[Black "OnVerra"]
[Result "1-0"]
[WhiteElo "2423"]
[BlackElo "2191"]
[PlyCount "48"]

1. e4 e6 2. d4 d5 3. Nc3 c5 4. exd5 exd5 5. Bb5+ Nc6 6. dxc5 Bxc5 7. Qxd5 Qe7+
8. Nge2 Bd7 9. Ne4 Bb4+ 10. c3 O-O-O 11. cxb4 Bg4 12. Qc4 Bxe2 13. Qxe2 Nf6 14.
Bxc6 bxc6 15. Qa6+ Kb8 16. Bf4+ Ka8 17. Qxc6+ Qb7 18. Qxb7+ Kxb7 19. Nd6+ Ka8
20. Be5 Ng4 21. Nxf7 Nxe5 22. Nxe5 Rhe8 23. f4 Rd4 24. O-O Rc4 1-0

[Event "ICS rated blitz match"]
[Site "204.178.125.65"]
[Date "2000.03.19"]
[Round "?"]
[White "Hossa"]
[Black "j724"]
[Result "1-0"]
[WhiteElo "2430"]
[BlackElo "2104"]
[PlyCount "67"]

1. e4 d6 2. d4 Nf6 3. Nc3 c6 4. f4 Qa5 5. Bd3 e5 6. Nf3 Bg4 7. Be3 Nbd7 8. O-O
Be7 9. Kh1 O-O 10. fxe5 dxe5 11. d5 Rad8 12. a3 Qc7 13. Bxa7 cxd5 14. Bg1 d4
15. Nb5 Qb8 16. Bf2 Nc5 17. Bh4 Rfe8 18. Qe1 Bd7 19. Bxf6 Bxf6 20. a4 Rc8 21.
Qf2 Rc6 22. b4 Ne6 23. Ra3 Rec8 24. c3 Nf4 25. cxd4 Nxd3 26. Rxd3 Rc2 27. Rd2
Rxd2 28. Qxd2 Bxb5 29. axb5 exd4 30. Qa2 Qf4 31. e5 Be7 32. Nd2 Qg5 33. Qxf7+
Kh8 34. Nf3 1-0

[Event "ICS rated blitz match"]
[Site "204.178.125.65"]
[Date "2000.03.19"]
[Round "?"]
[White "j724"]
[Black "Hossa"]
[Result "1-0"]
[WhiteElo "2100"]
[BlackElo "2434"]
[PlyCount "123"]

1. d4 d5 2. Nf3 Nf6 3. Bf4 Bf5 4. e3 e6 5. Nbd2 Nbd7 6. h3 Bd6 7. Ne5 O-O 8. g4
Be4 9. f3 Bg6 10. h4 h6 11. Nxg6 fxg6 12. Bxd6 cxd6 13. Bd3 Qe8 14. c3 e5 15.
Qe2 Nb6 16. O-O-O e4 17. fxe4 dxe4 18. Bc2 d5 19. g5 Nh5 20. Rhg1 Kh7 21. Kb1
Rc8 22. Rc1 Qc6 23. Bb3 Kh8 24. c4 dxc4 25. Nxc4 Nxc4 26. Rxc4 Qb6 27. Qg4 Rxc4
28. Bxc4 Qc6 29. b3 Rf3 30. gxh6 b5 31. hxg7+ Nxg7 32. d5 Qe8 33. Be2 Rxe3 34.
d6 Qf7 35. Bxb5 Qf5 36. Qxf5 gxf5 37. Rxg7 Re1+ 38. Kc2 Kxg7 39. d7 Rh1 40.
d8=Q Rh2+ 41. Kd1 Rxa2 42. Qe7+ Kh8 43. Bc4 Ra1+ 44. Kc2 Ra2+ 45. Kb1 Rg2 46.
Qf6+ Kh7 47. h5 Rg1+ 48. Kb2 Rg7 49. h6 Rg2+ 50. Kc3 Rg6 51. Qxf5 Kxh6 52. Qxe4
Rg7 53. Bd3 Rc7+ 54. Kd4 Rd7+ 55. Ke3 Kh5 56. Qf5+ Kh4 57. Qxd7 Kg5 58. Qf5+
Kh4 59. Be2 Kg3 60. Qf3+ Kh2 61. Bf1 a5 62. Qg2# 1-0

[Event "ICS rated blitz match"]
[Site "204.178.125.65"]
[Date "2000.03.19"]
[Round "?"]
[White "Hossa"]
[Black "HLP"]
[Result "1-0"]
[WhiteElo "2406"]
[BlackElo "2187"]
[PlyCount "79"]

1. e4 c5 2. Nf3 d6 3. Bb5+ Nc6 4. d4 cxd4 5. Nxd4 Bd7 6. O-O Nf6 7. Nc3 g6 8.
Be3 Bg7 9. Qd2 O-O 10. Bxc6 bxc6 11. Bh6 c5 12. Bxg7 Kxg7 13. Nb3 Bc6 14. Rfe1
Qb6 15. Qd3 Rfd8 16. Nd5 Bxd5 17. exd5 Qb7 18. c4 a5 19. Qc3 Qa7 20. Nd2 a4 21.
Ne4 Qa5 22. Qc2 Ra7 23. Nxf6 exf6 24. Re2 Rb8 25. Qe4 Rab7 26. Rb1 a3 27. b3
Qc3 28. Qf4 Rb6 29. Rc1 Qd3 30. Rce1 R8b7 31. Qc1 Ra7 32. Re4 Qxe4 33. Rxe4
Rab7 34. Qxa3 Rb4 35. Qc1 R4b6 36. Re8 Rb4 37. h4 R4b6 38. Qe3 Ra6 39. h5 Rab6
40. h6# 1-0

[Event "ICS rated blitz match"]
[Site "204.178.125.65"]
[Date "2000.03.19"]
[Round "?"]
[White "HLP"]
[Black "Hossa"]
[Result "0-1"]
[WhiteElo "2180"]
[BlackElo "2413"]
[PlyCount "84"]

1. e4 e5 2. Nf3 Nc6 3. Bb5 a6 4. Ba4 Nf6 5. O-O Be7 6. Re1 b5 7. Bb3 d6 8. c3
O-O 9. h3 Bb7 10. d4 Re8 11. Nbd2 Bf8 12. d5 Ne7 13. Nf1 a5 14. a4 b4 15. cxb4
axb4 16. Bd2 c6 17. dxc6 Nxc6 18. Ng3 Nd4 19. Nxd4 exd4 20. Bg5 Ra5 21. Bxf6
Qxf6 22. Qd2 d5 23. exd5 Rxe1+ 24. Rxe1 Bxd5 25. Bxd5 Rxd5 26. Re8 Qc6 27. Rb8
Qxa4 28. Kh2 Qa5 29. b3 Rd8 30. Rxd8 Qxd8 31. Qd3 Bd6 32. Kg1 Bxg3 33. fxg3 h6
34. Kh2 Qd5 35. h4 h5 36. Kh1 g6 37. Kh2 Kg7 38. Kh1 Qc5 39. Kh2 Qc3 40. Qe4 d3
41. Qd5 d2 42. Kh3 Qa1 0-1

[Event "ICS rated blitz match"]
[Site "204.178.125.65"]
[Date "2000.03.19"]
[Round "?"]
[White "Hossa"]
[Black "HLP"]
[Result "1-0"]
[WhiteElo "2420"]
[BlackElo "2173"]
[PlyCount "117"]

1. c4 e6 2. Nf3 d5 3. cxd5 exd5 4. e3 c6 5. Be2 Bd6 6. d4 Nf6 7. O-O O-O 8. Nc3
Re8 9. Bd3 Bg4 10. Bd2 Nbd7 11. h3 Bh5 12. g4 Bg6 13. Bxg6 hxg6 14. Qc2 Ne4 15.
Be1 Ng5 16. Nxg5 Qxg5 17. f4 Qh6 18. Rf3 g5 19. Qf5 Re7 20. fxg5 Qg6 21. Qxg6
fxg6 22. h4 Rae8 23. Bd2 Nb6 24. b3 Bb4 25. Rc1 Bxc3 26. Rxc3 Nc8 27. Bc1 Re6
28. Ba3 Re4 29. Rg3 R8e6 30. Kf2 Nd6 31. Bxd6 Rxd6 32. Rc1 Rde6 33. b4 a6 34.
a4 Re7 35. Rcg1 Rf7+ 36. Rf3 Rfe7 37. Rg2 Re8 38. Rgg3 R8e7 39. a5 Re8 40. Rg1
R4e7 41. Ke2 Re4 42. Kd3 R8e7 43. Rgg3 Re8 44. Rf2 R4e7 45. Rf4 Re6 46. Rgf3
R8e7 47. Rf8+ Kh7 48. Kd2 Re4 49. Rb8 Re8 50. Rxb7 Rxg4 51. Rff7 Rg8 52. Ra7
Rxh4 53. Rxa6 Rg4 54. Rxc6 Rxg5 55. b5 Rg2+ 56. Kc3 Ra2 57. a6 g5 58. Rf5 g4
59. Rh5# 1-0

[Event "ICS rated blitz match"]
[Site "204.178.125.65"]
[Date "2000.03.19"]
[Round "?"]
[White "Hossa"]
[Black "LaBestia"]
[Result "1-0"]
[WhiteElo "2435"]
[BlackElo "2243"]
[PlyCount "41"]

1. d4 d5 2. c4 c6 3. Nf3 e6 4. Nc3 dxc4 5. e4 b5 6. Be2 Nf6 7. Bg5 Qc7 8. e5
Nd5 9. O-O h6 10. Bh4 Nf4 11. a4 Bd7 12. axb5 cxb5 13. d5 Nxd5 14. Nxd5 exd5
15. Qxd5 Bc6 16. Qd2 Nd7 17. Nd4 Nb8 18. e6 Bc5 19. exf7+ Kxf7 20. Nxc6 Nxc6
21. Qd5+ 1-0

[Event "ICS rated blitz match"]
[Site "204.178.125.65"]
[Date "2000.03.19"]
[Round "?"]
[White "Hossa"]
[Black "Hetitor"]
[Result "1-0"]
[WhiteElo "2459"]
[BlackElo "2163"]
[PlyCount "85"]

1. c4 Nf6 2. Nc3 e6 3. e4 e5 4. Nf3 d6 5. d4 Nbd7 6. Be2 g6 7. O-O Bg7 8. dxe5
dxe5 9. Bg5 h6 10. Bh4 g5 11. Bg3 Nh5 12. Bxe5 Bxe5 13. Nxe5 Nxe5 14. Bxh5 Qxd1
15. Raxd1 Nxc4 16. Nd5 O-O 17. Nxc7 Rb8 18. Be2 Nxb2 19. Rd4 b5 20. Rb1 Rb7 21.
Nxb5 a6 22. Rxb2 axb5 23. Bxb5 Be6 24. a4 Rc8 25. Rbd2 Rc1+ 26. Rd1 Rc3 27.
Rd8+ Kg7 28. Ra1 Rb3 29. g3 Rb2 30. h4 gxh4 31. gxh4 Rc7 32. Kg2 Rcc2 33. Rf1
Kf6 34. Rg8 Ke5 35. Rh8 Kxe4 36. Rxh6 Bd5 37. Kg3 f5 38. Re1+ Kd4 39. Rd1+ Kc5
40. f3 Rg2+ 41. Kf4 Rb4+ 42. Ke5 Bxf3 43. Rc1+ 1-0

[Event "ICS rated standard match"]
[Site "204.178.125.65"]
[Date "2000.03.19"]
[Round "?"]
[White "Hossa"]
[Black "prg3"]
[Result "1/2-1/2"]
[WhiteElo "2324"]
[BlackElo "2217"]
[PlyCount "85"]

1. d4 d5 2. c4 c6 3. Nf3 Nf6 4. Nc3 dxc4 5. a4 Bf5 6. e3 e6 7. Bxc4 Bb4 8. O-O
O-O 9. Qe2 Ne4 10. Nxe4 Bxe4 11. Rd1 Nd7 12. Bd3 Nf6 13. Bxe4 Nxe4 14. Bd2 Bxd2
15. Nxd2 Nxd2 16. Qxd2 a5 17. Qc2 Qe7 18. g3 Rfd8 19. Qc3 Rd5 20. Rac1 h5 21.
e4 Rd7 22. Qe3 h4 23. f4 hxg3 24. hxg3 Rad8 25. Rc4 c5 26. Rd2 cxd4 27. Rdxd4
e5 28. fxe5 Qxe5 29. Rxd7 Rxd7 30. Qf3 Rc7 31. Qc3 Qxc3 32. Rxc3 Rxc3 33. bxc3
Kh7 34. Kf2 Kg6 35. Ke3 Kg5 36. Kf3 Kf6 37. Ke3 Ke5 38. Kd3 g5 39. Ke3 g4 40.
Kd3 Ke6 41. Ke3 Ke5 42. Kd3 Ke6 43. Ke3 1/2-1/2

[Event "ICS rated standard match"]
[Site "204.178.125.65"]
[Date "2000.03.19"]
[Round "?"]
[White "Hossa"]
[Black "prg3"]
[Result "1-0"]
[WhiteElo "2331"]
[BlackElo "2210"]
[PlyCount "159"]

1. e4 e5 2. Nf3 Nc6 3. Nc3 Nf6 4. d4 exd4 5. Nxd4 d6 6. Bb5 Bd7 7. Nxc6 bxc6 8.
Be2 Be7 9. O-O O-O 10. Be3 c5 11. a3 Rb8 12. b3 Bc6 13. f3 Nd7 14. Qd2 Bf6 15.
Rad1 Nb6 16. Ba6 Qe7 17. Nb5 Ra8 18. a4 Rfe8 19. a5 Nc8 20. Nc3 Qe5 21. Ne2 Ne7
22. Bf4 Qe6 23. Bc4 Qc8 24. Be3 a6 25. c3 Qb7 26. Nf4 Bg5 27. Nh5 Bxe3+ 28.
Qxe3 Bb5 29. Rb1 Rab8 30. Bxb5 Qxb5 31. Nf4 Qxa5 32. Rfd1 Qb6 33. g3 Qc6 34.
Qf2 Rb6 35. Qa2 Reb8 36. Ne2 Qb7 37. Nc1 c4 38. b4 Qc6 39. Ne2 Qd7 40. Qxc4 a5
41. Nf4 axb4 42. cxb4 Qc6 43. Qxc6 Rxc6 44. Rbc1 Rxc1 45. Rxc1 c6 46. Rd1 Nc8
47. Nd3 Kf8 48. e5 Ke7 49. exd6+ Nxd6 50. Ne5 Rb6 51. Rc1 Ke6 52. Nxc6 Kd5 53.
Rc5+ Ke6 54. Nd4+ Kd7 55. b5 Nb7 56. Rh5 h6 57. Rf5 f6 58. Rh5 Ke7 59. Rd5 Nd6
60. h4 Rb7 61. h5 Rc7 62. Kf1 Rc1+ 63. Ke2 Rh1 64. g4 Rb1 65. Ke3 Rb2 66. Kd3
Rb1 67. Kc2 Rf1 68. b6 Rf2+ 69. Kc3 Rf1 70. Nc6+ Ke6 71. Rxd6+ Kxd6 72. b7 Rb1
73. b8=Q+ Rxb8 74. Nxb8 Ke5 75. Nc6+ Kf4 76. Nd4 f5 77. gxf5 Kg5 78. Kd3 Kxh5
79. Ne6 g5 80. Ke4 1-0

[Event "ICS rated blitz match"]
[Site "204.178.125.65"]
[Date "2000.03.19"]
[Round "?"]
[White "Mungo"]
[Black "Hossa"]
[Result "1/2-1/2"]
[WhiteElo "2706"]
[BlackElo "2461"]
[PlyCount "182"]

1. e4 e5 2. Nf3 Nc6 3. Bb5 a6 4. Bxc6 dxc6 5. O-O Bg4 6. h3 h5 7. d3 Qf6 8.
Nbd2 Ne7 9. Re1 Ng6 10. d4 Bd6 11. hxg4 hxg4 12. Nh2 Rxh2 13. Qxg4 Qh4 14. Qxh4
Rxh4 15. Nf3 Rh5 16. g4 Rh8 17. Be3 exd4 18. Bxd4 Nh4 19. Nxh4 Rxh4 20. f3
O-O-O 21. Rad1 f6 22. Bf2 Rh3 23. Kg2 Rh2+ 24. Kf1 Rhh8 25. Ke2 b6 26. Rh1 Rxh1
27. Rxh1 Be5 28. b3 Kb7 29. Be3 g5 30. c4 c5 31. a3 a5 32. Rh7 a4 33. bxa4 Ra8
34. a5 Rxa5 35. Bc1 Ra4 36. Kd3 b5 37. cxb5 c4+ 38. Kc2 Ra5 39. Rh5 Rxb5 40. f4
gxf4 41. Bxf4 Rb2+ 42. Kc1 Rg2 43. Bxe5 fxe5 44. Rxe5 Kb6 45. g5 Ra2 46. g6
Rxa3 47. Rg5 Ra8 48. g7 Rg8 49. Kc2 Kc6 50. Kc3 Kd6 51. Kxc4 Ke6 52. Kc5 Kf6
53. Rg1 Ke5 54. Rg4 Ke6 55. Kc6 Ke5 56. Kxc7 Ke6 57. Kc6 Rc8+ 58. Kb5 Rg8 59.
Kc4 Ke5 60. Kd3 Ke6 61. Kd4 Rd8+ 62. Ke3 Rg8 63. Kf4 Kf6 64. e5+ Ke6 65. Ke4
Rxg7 66. Rf4 Ke7 67. Rf6 Rg4+ 68. Kd5 Ke8 69. Ke6 Rh4 70. Rg6 Rh8 71. Rg7 Rh6+
72. Kd5 Rh5 73. Kd6 Rh4 74. e6 Rd4+ 75. Ke5 Rh4 76. Kf6 Rf4+ 77. Ke5 Rh4 78.
Kd6 Rd4+ 79. Ke5 Rh4 80. Ra7 Rh3 81. Kd6 Rd3+ 82. Ke5 Re3+ 83. Kf6 Rf3+ 84. Ke5
Rh3 85. Kf6 Rf3+ 86. Ke5 Rh3 87. Kf6 Rf3+ 88. Ke5 Rh3 89. Kf6 Rf3+ 90. Ke5 Rh3
91. Kf6 Rf3+ 1/2-1/2

[Event "ICS rated blitz match"]
[Site "204.178.125.65"]
[Date "2000.03.19"]
[Round "?"]
[White "Hossa"]
[Black "PostModernist"]
[Result "0-1"]
[WhiteElo "2471"]
[BlackElo "2622"]
[PlyCount "168"]

1. e4 c6 2. d4 d5 3. Nc3 dxe4 4. Nxe4 Nd7 5. Ng5 Nb6 6. Bd3 g6 7. N1f3 Bg7 8.
O-O Nh6 9. c3 O-O 10. Ne4 Nf5 11. Re1 Nd5 12. Kh1 Qc7 13. Bd2 Rd8 14. Qc1 a5
15. Be2 Nd6 16. Nxd6 Qxd6 17. Bh6 Bg4 18. Qg5 Qf6 19. Bxg7 Qxg5 20. Nxg5 Bxe2
21. Bh6 Bd3 22. Nf3 f6 23. Rad1 Ba6 24. Rc1 Kf7 25. h4 a4 26. b3 axb3 27. axb3
Bd3 28. c4 Nb4 29. Kh2 Bf5 30. Rcd1 Ra3 31. Re3 e5 32. Ree1 Bc2 33. Rd2 e4 34.
Ng1 Rxb3 35. Rc1 Bd3 36. Be3 Ra8 37. Kg3 Na2 38. Ra1 Bxc4 39. Kh2 Rba3 40. Rc2
b5 41. Bd2 Bd5 42. Ne2 b4 43. Rc5 b3 44. h5 gxh5 45. Nf4 Rd8 46. Nxh5 Ra4 47.
Be3 Nc3 48. Rxa4 Nxa4 49. Ra5 Nb6 50. Ra6 Nd7 51. Bc1 Rb8 52. Bb2 Kg6 53. Nf4+
Kf5 54. Ne2 Nb6 55. Ng3+ Ke6 56. Ra1 Nc4 57. Bc3 b2 58. Rb1 Rb3 59. Ne2 Kd6 60.
Kg1 e3 61. f3 h5 62. Bxb2 h4 63. Kh2 Rxb2 64. Rxb2 Nxb2 65. Ng1 Bc4 66. g3 e2
67. Nxe2 Bxe2 68. gxh4 Bxf3 69. Kg3 Be4 70. h5 Kd5 71. Kh4 Kxd4 72. Kg4 c5 73.
Kg3 c4 74. Kf2 c3 75. Ke2 c2 76. Kf2 c1=Q 77. Kg3 Qh1 78. Kg4 Qf3+ 79. Kh4 Qf4+
80. Kh3 Qf5+ 81. Kg3 Qg5+ 82. Kh3 Qg2+ 83. Kh4 Bf3 84. h6 Qh2# 0-1